[Event "C.to Regionale Lombardia"]
[Site "Solaro ITA"]
[Date "2010.05.29"]
[Round "3"]
[White "Rettore, Ludwig"]
[Black "Regorda, Vittorio"]
[Result "1-0"]
[WhiteElo "2169"]
[BlackElo "1860"]
[PlyCount "59"]
[EventDate "2010.05.28"]

1. d4 d5 2. Nf3 Nf6 3. c4 c6 4. Nc3 a6 5. c5 g6 6. Bf4 Bg7 7. h3 O-O 8. e3 Re8
9. Bd3 Nfd7 10. O-O e5 11. Nxe5 Nxe5 12. Bxe5 Bxe5 13. dxe5 Nd7 14. f4 Nxc5 15.
Bc2 Qh4 16. Qf3 b5 17. Rac1 Qe7 18. b4 Nd7 19. Bb3 Nb6 20. Ne2 Nc4 21. Bxc4
bxc4 22. Nd4 Bb7 23. f5 Rf8 24. Qg3 Rfe8 25. e6 Kh8 26. fxg6 fxg6 27. Rf7 Qxf7
28. exf7 Re7 29. Rf1 Rf8 30. Qf4 1-0

[Event "C.to Regionale Lombardia"]
[Site "Solaro ITA"]
[Date "2010.05.29"]
[Round "3"]
[White "Revinelli, Sergio"]
[Black "Betori, Alessandro"]
[Result "0-1"]
[WhiteElo "1836"]
[BlackElo "1984"]
[PlyCount "44"]
[EventDate "2010.05.28"]

1. e4 d5 2. exd5 Qxd5 3. Nc3 Qa5 4. d4 Nf6 5. Bd2 c6 6. Be2 Bf5 7. Nf3 e6 8.
O-O Bb4 9. a3 Bxc3 10. Bxc3 Qc7 11. Ne5 Nbd7 12. f4 Nxe5 13. dxe5 Ne4 14. Qe1
Qb6+ 15. Kh1 Nxc3 16. Qxc3 O-O-O 17. b4 Qd4 18. Qxd4 Rxd4 19. Rad1 Rhd8 20. c3
Rd2 21. Rfe1 Kc7 22. Kg1 Rxe2 0-1

[Event "C.to Regionale Lombardia"]
[Site "Solaro ITA"]
[Date "2010.05.29"]
[Round "3"]
[White "Rossi, Giampiero"]
[Black "Ricci, Marco"]
[Result "0-1"]
[WhiteElo "1890"]
[BlackElo "2094"]
[PlyCount "172"]
[EventDate "2010.05.28"]

1. d4 Nf6 2. c4 g6 3. g3 Bg7 4. Bg2 O-O 5. Nc3 d6 6. Nf3 Nbd7 7. O-O e5 8. Qc2
exd4 9. Nxd4 Nb6 10. b3 c5 11. Ndb5 a6 12. Na3 Bf5 13. Qd2 d5 14. cxd5 Nfxd5
15. Bb2 Nxc3 16. Bxc3 Qxd2 17. Bxd2 Bxa1 18. Rxa1 Ra7 19. Be3 Nd7 20. Rc1 b6
21. Nc4 Bg4 22. Kf1 Re8 23. Rd1 b5 24. Nd6 Re7 25. h3 Rxe3 26. fxe3 Be6 27. Nc8
Rc7 28. Ne7+ Kg7 29. Nd5 Rc8 30. Nf4 Kf6 31. h4 Ke7 32. Nd5+ Bxd5 33. Bxd5 Rc7
34. Kf2 Ne5 35. Bf3 c4 36. Be4 cxb3 37. axb3 Rc3 38. Ra1 Rxb3 39. Rxa6 Ng4+ 40.
Kf3 Rxe3+ 41. Kxg4 Rxe4+ 42. Kf3 Rb4 43. Ra7+ Ke6 44. Rb7 h5 45. Rb8 Rb1 46.
Kf2 Ke5 47. Re8+ Kf5 48. Rd8 Rb3 49. Rd4 Ke5 50. Rd7 f6 51. Rg7 Kf5 52. Rd7 Ke6
53. Rg7 Kf5 54. Rd7 g5 55. hxg5 fxg5 56. Rd4 Ke5 57. Rd8 h4 58. gxh4 gxh4 59.
Rh8 h3 60. Rh5+ Ke4 61. Rh4+ Kf5 62. Rh8 b4 63. Rf8+ Ke5 64. Rh8 Ra3 65. Ke1
Kd4 66. Rh4+ Kc5 67. Kd2 Rg3 68. Kc2 Rc3+ 69. Kd2 Rg3 70. Kc2 b3+ 71. Kb2 Kd5
72. Ka3 Re3 73. Kb2 Ke5 74. Kc1 Kf5 75. Rh8 Ke4 76. Re8+ Kf4 77. Rf8+ Kg4 78.
Rg8+ Kf4 79. Rf8+ Kg3 80. Kd2 Re5 81. Rg8+ Kf4 82. Rh8 Kg4 83. Rg8+ Rg5 84. Rh8
Kg3 85. Kc3 Rb5 86. Rg8+ Kf2 0-1

[Event "C.to Regionale Lombardia"]
[Site "Solaro ITA"]
[Date "2010.05.29"]
[Round "3"]
[White "Rota, Simone"]
[Black "Valenti, Giuseppe"]
[Result "1-0"]
[WhiteElo "2019"]
[BlackElo "2128"]
[PlyCount "107"]
[EventDate "2010.05.28"]

1. d4 Nf6 2. c4 e6 3. Nf3 b6 4. g3 Bb7 5. Bg2 Bb4+ 6. Bd2 Qe7 7. a3 Bxd2+ 8.
Nbxd2 O-O 9. O-O d5 10. cxd5 exd5 11. Rc1 c5 12. e3 Na6 13. Re1 Rfe8 14. Ne5
Rac8 15. Qa4 Ra8 16. Ndf3 Nc7 17. dxc5 bxc5 18. Nd3 Ne6 19. Qa5 Rec8 20. Rc2 c4
21. Nf4 Rc5 22. Qd2 Ne4 23. Qc1 Bc6 24. Nd4 Nxf4 25. exf4 Qf6 26. Nxc6 Qxc6 27.
Bxe4 dxe4 28. b4 Rd5 29. Rxc4 Qd7 30. Rcxe4 g6 31. Re7 Qh3 32. Qc6 Rdd8 33.
Re8+ Rxe8 34. Rxe8+ Rxe8 35. Qxe8+ Kg7 36. Qe5+ Kh6 37. Qe3 Qd7 38. f5+ Kg7 39.
fxg6 hxg6 40. Kg2 Qd5+ 41. Qf3 Qc4 42. h4 a6 43. Qe3 Qd5+ 44. Kh2 Kh7 45. Qc3
Qf5 46. Qb2 Qh5 47. Qb3 Qf5 48. Kg2 Qe4+ 49. Qf3 Qc4 50. g4 Kg7 51. h5 gxh5 52.
gxh5 Kh6 53. Kg3 Qe6 54. Qe3+ 1-0

[Event "C.to Regionale Lombardia"]
[Site "Solaro ITA"]
[Date "2010.05.29"]
[Round "3"]
[White "Sbarra, Marco"]
[Black "Cardani, Roberto"]
[Result "1-0"]
[WhiteElo "2309"]
[BlackElo "1998"]
[PlyCount "75"]
[EventDate "2010.05.28"]

1. d4 Nf6 2. c4 e6 3. Nc3 Bb4 4. Qc2 O-O 5. a3 Bxc3+ 6. Qxc3 b6 7. Bg5 Bb7 8.
e3 d6 9. Ne2 Nbd7 10. Qd3 Ba6 11. Qc2 c5 12. dxc5 bxc5 13. Nc3 Qa5 14. Be2 d5
15. O-O Bxc4 16. Bxc4 dxc4 17. Rfd1 h6 18. Bh4 g5 19. Bg3 Rfd8 20. h4 Nf8 21.
hxg5 hxg5 22. Be5 N8h7 23. Qe2 Rd3 24. Qf3 Qd8 25. Rdc1 Rc8 26. Ne2 Qd5 27.
Qxd5 exd5 28. Rc2 Rb3 29. Rd1 Rd3 30. Re1 Rb3 31. Ng3 Re8 32. Bd6 Nd7 33. Nf5
Nhf6 34. f3 a5 35. Kf2 Kh7 36. Rh1+ Kg6 37. g4 Ng8 38. Rh8 1-0

[Event "C.to Regionale Lombardia"]
[Site "Solaro ITA"]
[Date "2010.05.29"]
[Round "3"]
[White "Torretta, Gilberto"]
[Black "Colombo, Luca"]
[Result "0-1"]
[WhiteElo "1701"]
[BlackElo "1911"]
[PlyCount "168"]
[EventDate "2010.05.28"]

1. e4 c5 2. Nc3 Nc6 3. Nge2 g6 4. d4 cxd4 5. Nxd4 Bg7 6. Be3 d6 7. Be2 Nf6 8.
f3 O-O 9. Qd2 Bd7 10. O-O-O Rc8 11. Kb1 Ne5 12. g4 Qa5 13. Nd5 Qxd2 14. Nxe7+
Kh8 15. Rxd2 Rce8 16. Nd5 Nxd5 17. exd5 Nxf3 18. Nxf3 Rxe3 19. h3 Rfe8 20. Bd1
f5 21. g5 a6 22. c3 f4 23. Nd4 Bxd4 24. Rxd4 f3 25. Rf4 Bf5+ 26. Kc1 Be4 27.
Rf1 Bxd5 28. Bxf3 Bxf3 29. R4xf3 Rxf3 30. Rxf3 Kg7 31. Kd2 Re5 32. Rg3 Ra5 33.
a3 Rb5 34. b4 Rf5 35. Kd3 Kf7 36. c4 Ke6 37. Re3+ Re5 38. Re4 b6 39. a4 d5 40.
cxd5+ Kxd5 41. Rd4+ Ke6 42. h4 Rd5 43. Ke4 Re5+ 44. Kd3 b5 45. a5 Rf5 46. Re4+
Kd6 47. Rd4+ Kc6 48. Re4 Rf3+ 49. Re3 Rf7 50. Re4 Kd5 51. Rd4+ Ke5 52. Re4+ Kf5
53. Rd4 Rc7 54. Rd6 Rc4 55. Rd4 Rc1 56. Kd2 Rf1 57. Ke3 Re1+ 58. Kd2 Rg1 59.
Kd3 Rg3+ 60. Ke2 Ke5 61. Rd7 Rg4 62. Re7+ Kf5 63. Rxh7 Rxb4 64. Ra7 Rxh4 65.
Rxa6 Ra4 66. Ra8 Kxg5 67. a6 b4 68. Rb8 Rxa6 69. Rxb4 Rf6 70. Rb5+ Kg4 71. Rb8
g5 72. Rg8 Rf5 73. Ke1 Kg3 74. Rg7 g4 75. Rg8 Rf4 76. Rg7 Kg2 77. Rg8 g3 78.
Rg7 Rh4 79. Rg8 Kh2 80. Kf1 Rf4+ 81. Ke2 g2 82. Rh8+ Kg1 83. Rg8 Rh4 84. Kf3
Rh2 0-1

[Event "C.to Regionale Lombardia"]
[Site "Solaro ITA"]
[Date "2010.05.29"]
[Round "3"]
[White "Veronelli, Franco"]
[Black "Mazzoccoli, Simone"]
[Result "1-0"]
[WhiteElo "1733"]
[BlackElo "1425"]
[PlyCount "67"]
[EventDate "2010.05.28"]

1. e4 c5 2. c3 Nf6 3. e5 Nd5 4. d4 cxd4 5. cxd4 Nc6 6. Nf3 d6 7. Bc4 Nb6 8.
Bxf7+ Kxf7 9. Ng5+ Ke8 10. e6 Rg8 11. Qf3 Bxe6 12. Nxe6 Qd7 13. d5 Ne5 14. Qe4
g6 15. O-O Bg7 16. f4 Nec4 17. Nxg7+ Rxg7 18. b3 Na5 19. Qb4 Nxd5 20. Qxa5 Nb6
21. Nc3 Qc6 22. Qb5 Rc8 23. Bb2 a6 24. Qxc6+ Rxc6 25. Nd5 Rf7 26. Nxb6 Rxb6 27.
Rac1 Kd7 28. g3 Rc6 29. Rxc6 bxc6 30. Kf2 c5 31. Ke3 d5 32. Be5 Ke6 33. Rc1 d4+
34. Ke4 1-0

[Event "C.to Regionale Lombardia"]
[Site "Solaro ITA"]
[Date "2010.05.30"]
[Round "4"]
[White "Aranovitch, Emiliano"]
[Black "Bonazzi, Edoardo"]
[Result "1/2-1/2"]
[WhiteElo "2355"]
[BlackElo "2171"]
[PlyCount "131"]
[EventDate "2010.05.28"]

1. e4 c6 2. Nc3 d5 3. Nf3 Bg4 4. h3 Bh5 5. exd5 cxd5 6. Bb5+ Nc6 7. g4 Bg6 8.
Ne5 Rc8 9. d4 e6 10. a3 f6 11. Nxg6 hxg6 12. Bd3 Kf7 13. Ne2 Bd6 14. c3 Qc7 15.
Ng1 Nge7 16. Nf3 Na5 17. Kf1 Nc4 18. Kg2 Bf4 19. Qe2 Bxc1 20. Raxc1 Qf4 21.
Rce1 Rc6 22. a4 a6 23. Rb1 g5 24. Qc2 Nd6 25. Qc1 Qxc1 26. Rbxc1 Ng6 27. Bxg6+
Kxg6 28. h4 gxh4 29. Nxh4+ Kf7 30. Nf3 Rxh1 31. Kxh1 Rb6 32. Rc2 a5 33. Nd2 e5
34. dxe5 fxe5 35. Kg2 Ke6 36. Kf3 Rc6 37. Nb3 b6 38. Ke2 Rc4 39. f3 Rxa4 40.
Nc1 Rc4 41. b3 Rc8 42. Kd3 b5 43. Ra2 Ra8 44. Ke3 Rc8 45. Ne2 Ra8 46. Nc1 a4
47. Nd3 Nb7 48. bxa4 bxa4 49. Ra3 Kd6 50. f4 e4 51. Nb2 Nc5 52. c4 Rb8 53. Nd1
dxc4 54. Nc3 Rb3 55. Kd4 Ne6+ 56. Kxc4 Rxa3 57. Nb5+ Kc6 58. Nxa3 Nxf4 59. Kd4
Ne6+ 60. Kxe4 Kc5 61. Ke5 Kb4 62. Nb1 Ng5 63. Kf4 Nh3+ 64. Kg3 Ng5 65. Kf4 Nh3+
66. Kg3 1/2-1/2

[Event "C.to Regionale Lombardia"]
[Site "Solaro ITA"]
[Date "2010.05.30"]
[Round "4"]
[White "Attuati, Stefano"]
[Black "Cornaggia, Ranieri"]
[Result "1-0"]
[WhiteElo "1867"]
[BlackElo "2000"]
[PlyCount "107"]
[EventDate "2010.05.28"]

1. e4 e5 2. Nf3 Nc6 3. Bb5 a6 4. Ba4 Nge7 5. O-O d6 6. c3 Bd7 7. d4 Ng6 8. Re1
Be7 9. Nbd2 h6 10. Nf1 Bg5 11. Ne3 Bxe3 12. Bxe3 Qf6 13. d5 Nb8 14. Bxd7+ Nxd7
15. c4 O-O 16. b4 Nh4 17. c5 Nxf3+ 18. Qxf3 Qxf3 19. gxf3 f5 20. Rac1 Rac8 21.
c6 bxc6 22. Rxc6 Nb8 23. Rc4 c6 24. Rec1 Rf7 25. Bb6 Rb7 26. Ba5 c5 27. bxc5
dxc5 28. Rxc5 Rxc5 29. Rxc5 Rb1+ 30. Kg2 Rb5 31. Rxb5 axb5 32. Bc7 Nd7 33. f4
exf4 34. e5 g5 35. e6 Nc5 36. d6 Nxe6 37. d7 Kf7 38. d8=Q Nxd8 39. Bxd8 Kg6 40.
h4 Kh5 41. hxg5 hxg5 42. Kf3 Kh4 43. a3 Kh5 44. Bc7 Kg6 45. Be5 Kh5 46. Bxf4
gxf4 47. Kxf4 Kg6 48. Ke5 Kg5 49. f3 Kg6 50. f4 Kg7 51. Kxf5 Kf7 52. Ke5 Ke7
53. Kd5 Kf6 54. Kc5 1-0

[Event "C.to Regionale Lombardia"]
[Site "Solaro ITA"]
[Date "2010.05.30"]
[Round "4"]
[White "Bernasconi, Roberto"]
[Black "Veronelli, Franco"]
[Result "1-0"]
[WhiteElo "1931"]
[BlackElo "1733"]
[PlyCount "117"]
[EventDate "2010.05.28"]

1. e4 e5 2. Nf3 Nf6 3. Nc3 Nc6 4. Bb5 Bb4 5. O-O O-O 6. d3 Bxc3 7. bxc3 d6 8.
Bg5 h6 9. Bh4 Qe7 10. Qe2 Nd8 11. Rfe1 c6 12. Bc4 Be6 13. Nd2 Bxc4 14. Nxc4 Ne6
15. Bxf6 Qxf6 16. g3 Ng5 17. Kg2 Qe6 18. Ne3 g6 19. Rf1 Nh7 20. c4 Nf6 21. f4
exf4 22. gxf4 d5 23. cxd5 cxd5 24. e5 d4 25. Nc4 Nd5 26. Kh1 Nc3 27. Qg2 Qd5
28. Qxd5 Nxd5 29. Rab1 b6 30. Rb2 Rac8 31. Nd6 Rc6 32. Nb5 a6 33. Nxd4 Rc3 34.
Ne2 Ra3 35. Rf3 a5 36. c4 Nb4 37. Nc1 Rd8 38. Rb3 Ra4 39. Rf2 Rc8 40. a3 Nc6
41. Ne2 Rd8 42. Rxb6 Rxd3 43. Rxc6 Raxa3 44. Ng3 h5 45. Ne4 h4 46. Kg1 h3 47.
Rd6 Re3 48. Nf6+ Kg7 49. c5 Ra1+ 50. Rf1 Ra2 51. Rd8 Rg2+ 52. Kh1 Rge2 53. Rg8+
Kh6 54. Ng4+ Kh7 55. Nxe3 Kxg8 56. c6 Rxe3 57. Rc1 a4 58. c7 a3 59. c8=Q+ 1-0

[Event "C.to Regionale Lombardia"]
[Site "Solaro ITA"]
[Date "2010.05.30"]
[Round "4"]
[White "Bertuolo, Sergio"]
[Black "Biava, Pierluigi"]
[Result "0-1"]
[WhiteElo "1499"]
[BlackElo "1799"]
[PlyCount "68"]
[EventDate "2010.05.28"]

1. e4 e5 2. Nf3 Nc6 3. Bb5 a6 4. Ba4 Nf6 5. O-O b5 6. Bb3 Nxe4 7. Bd5 f5 8.
Nxe5 Nxe5 9. Bxa8 c6 10. d4 Ng4 11. Qe2 Qh4 12. Bf4 Kd8 13. h3 Ngf6 14. Nd2
Qxf4 15. Nf3 Bd6 16. Rad1 Re8 17. Qd3 Ng5 18. Ne5 Kc7 19. c4 Bxe5 20. dxe5 Qxe5
21. cxb5 axb5 22. Qa3 Bb7 23. Bxb7 Kxb7 24. Rfe1 Qxe1+ 25. Rxe1 Rxe1+ 26. Kh2
Re2 27. Qc5 Nge4 28. Qxf5 Rxf2 29. Qe5 Rd2 30. a3 g5 31. Kg1 Rd1+ 32. Kh2 g4
33. g3 Rd2+ 34. Kh1 gxh3 0-1

[Event "C.to Regionale Lombardia"]
[Site "Solaro ITA"]
[Date "2010.05.30"]
[Round "4"]
[White "Betori, Alessandro"]
[Black "Astengo, Marcello"]
[Result "1-0"]
[WhiteElo "1984"]
[BlackElo "2098"]
[PlyCount "69"]
[EventDate "2010.05.28"]

1. e4 e6 2. d3 d5 3. Nd2 c5 4. Ngf3 Nc6 5. g3 Nge7 6. Bg2 g6 7. O-O Bg7 8. Re1
O-O 9. e5 b5 10. h4 h6 11. Nf1 Bb7 12. h5 Rc8 13. N1h2 Kh7 14. hxg6+ fxg6 15.
Bf4 d4 16. Bg5 c4 17. dxc4 hxg5 18. Nxg5+ Kg8 19. Nxe6 Qd7 20. Nxf8 Rxf8 21. e6
Qc7 22. cxb5 Ne5 23. Bxb7 Qxb7 24. Qe2 Qd5 25. Qe4 Qxb5 26. b3 Qc5 27. Rad1
N7c6 28. Re2 g5 29. Kg2 Qe7 30. f4 gxf4 31. gxf4 Qxe6 32. fxe5 Nxe5 33. Rxd4
Qf6 34. Qxe5 Qg6+ 35. Rg4 1-0

[Event "C.to Regionale Lombardia"]
[Site "Solaro ITA"]
[Date "2010.05.30"]
[Round "4"]
[White "Binda, Federico"]
[Black "Monticelli, Francesco"]
[Result "1-0"]
[WhiteElo "1506"]
[BlackElo "1657"]
[PlyCount "95"]
[EventDate "2010.05.28"]

1. e4 c6 2. d4 d5 3. exd5 cxd5 4. c4 e6 5. Nf3 Nf6 6. Nc3 Bb4 7. Bg5 Bxc3+ 8.
bxc3 O-O 9. Qb3 Re8 10. Bd3 dxc4 11. Bxc4 Nc6 12. Bb5 Bd7 13. O-O a6 14. Bd3 h6
15. Bh4 b5 16. Rad1 Rc8 17. Qa3 Nb8 18. Ne5 Bc6 19. Ng4 Qd5 20. Nxf6+ gxf6 21.
f3 Nd7 22. Qc1 Qh5 23. Qf4 f5 24. Rfe1 Nf8 25. Qg3+ Ng6 26. Bf6 Kh7 27. c4 Rg8
28. d5 Nh4 29. Qxh4 Qxf3 30. Bg5 Rxg5 31. Qxg5 Qxd3 32. Qxh6+ Kxh6 33. Rxd3
exd5 34. cxd5 Bd7 35. Re7 Rc1+ 36. Kf2 Rc2+ 37. Kg3 Bc8 38. Rxf7 Rxa2 39. Rc7
f4+ 40. Kxf4 Rf2+ 41. Kg3 Rf8 42. d6 Bf5 43. Ra3 Rg8+ 44. Kf4 Rf8 45. Ke5 b4
46. Rxa6 Bd3 47. Rb6 Re8+ 48. Re7 1-0

[Event "C.to Regionale Lombardia"]
[Site "Solaro ITA"]
[Date "2010.05.30"]
[Round "4"]
[White "Brioschi, Camillo"]
[Black "Guzzetti, Luigi Enrico"]
[Result "0-1"]
[WhiteElo "1866"]
[BlackElo "1880"]
[PlyCount "116"]
[EventDate "2010.05.28"]

1. d4 Nf6 2. c4 g6 3. Nc3 Bg7 4. e4 d6 5. Be2 O-O 6. f4 c5 7. Nf3 cxd4 8. Nxd4
Nc6 9. Be3 Nd7 10. O-O Nc5 11. Qd2 Bd7 12. f5 Nxd4 13. Bxd4 Bc6 14. Bxg7 Kxg7
15. Qd4+ f6 16. b4 Na4 17. Nd5 Bxd5 18. exd5 Qb6 19. Qxb6 Nxb6 20. fxg6 hxg6
21. Rfd1 Nd7 22. c5 Rac8 23. Bb5 Ne5 24. Rac1 f5 25. c6 bxc6 26. dxc6 f4 27. c7
f3 28. gxf3 Nxf3+ 29. Kg2 Nh4+ 30. Kg1 Nf3+ 31. Kg2 Nh4+ 32. Kh1 Nf3 33. Rf1 e5
34. Bd7 e4 35. Bxc8 Rxc8 36. Rfd1 Kf7 37. Kg2 Ke6 38. Rc6 Nh4+ 39. Kg3 Nf5+ 40.
Kf4 e3 41. Kf3 Ke5 42. Ke2 g5 43. Rd3 Ke4 44. Rc4+ Ke5 45. b5 Ke6 46. a4 Kd7
47. Rd5 Ke6 48. Rxf5 Kxf5 49. a5 d5 50. Rc5 Ke4 51. b6 d4 52. Rxg5 d3+ 53. Kd1
axb6 54. axb6 Ra8 55. Rg4+ Kf3 56. Rc4 Ra1+ 57. Rc1 e2+ 58. Kd2 Rxc1 0-1

[Event "C.to Regionale Lombardia"]
[Site "Solaro ITA"]
[Date "2010.05.30"]
[Round "4"]
[White "Carbone, Lorenzo"]
[Black "Revinelli, Sergio"]
[Result "0-1"]
[WhiteElo "1683"]
[BlackElo "1836"]
[PlyCount "40"]
[EventDate "2010.05.28"]

1. e4 e5 2. Nf3 Nc6 3. Bb5 f5 4. Nc3 fxe4 5. Nxe4 d5 6. Nxe5 dxe4 7. Nxc6 Qg5
8. Ne5+ c6 9. Qe2 Qxe5 10. Ba4 Bd6 11. c3 Nf6 12. h3 O-O 13. Bc2 Bf5 14. b3 Nd5
15. Bb2 Nf4 16. Qc4+ Be6 17. Qxe4 Nxg2+ 18. Kf1 Qxe4 19. Bxe4 Nf4 20. Bg2 Nxg2
0-1

[Event "C.to Regionale Lombardia"]
[Site "Solaro ITA"]
[Date "2010.05.30"]
[Round "4"]
[White "Cardani, Roberto"]
[Black "Occhipinti, Massimo"]
[Result "1/2-1/2"]
[WhiteElo "1998"]
[BlackElo "1993"]
[PlyCount "82"]
[EventDate "2010.05.28"]

1. e4 c5 2. Nf3 a6 3. c3 d6 4. d4 cxd4 5. cxd4 Nf6 6. Nc3 Bg4 7. Be2 Nbd7 8.
O-O Bxf3 9. Bxf3 e5 10. Be3 Be7 11. Rc1 O-O 12. Qd2 Rc8 13. Be2 b5 14. a3 Re8
15. f3 Bf8 16. Rfd1 h6 17. Bf1 exd4 18. Bxd4 Ne5 19. Be3 Nc4 20. Bxc4 Rxc4 21.
Nd5 Rxc1 22. Rxc1 Nxd5 23. Qxd5 Qa8 24. Qxa8 Rxa8 25. Rc6 a5 26. Rb6 b4 27.
axb4 axb4 28. Rxb4 d5 29. Rb5 dxe4 30. fxe4 f6 31. Kf2 Kf7 32. Rb7+ Ke6 33. Kf3
h5 34. b4 g5 35. h3 Ra3 36. Ke2 Rb3 37. b5 Bd6 38. b6 h4 39. Rh7 Rb2+ 40. Kf3
Rb3 41. Ke2 Rb2+ 1/2-1/2

[Event "C.to Regionale Lombardia"]
[Site "Solaro ITA"]
[Date "2010.05.30"]
[Round "4"]
[White "Centofante, Maria Rosa"]
[Black "Attuati, Luca"]
[Result "1-0"]
[WhiteElo "1585"]
[BlackElo "1446"]
[PlyCount "109"]
[EventDate "2010.05.28"]

1. d4 d5 2. Nf3 Nf6 3. c4 e6 4. Nc3 Bb4 5. Bg5 Bxc3+ 6. bxc3 h6 7. Bxf6 Qxf6 8.
e3 Nc6 9. cxd5 exd5 10. Bd3 Bf5 11. Be2 O-O 12. O-O Rfe8 13. Qb3 Qd6 14. c4 Be4
15. c5 Qg6 16. Qxb7 Na5 17. Qxc7 Nc4 18. Qg3 Qe6 19. Bxc4 dxc4 20. Ne5 Qd5 21.
Rfc1 Rab8 22. Nxc4 f5 23. c6 Rbd8 24. f3 Bd3 25. Ne5 Ba6 26. Rc5 Qe6 27. a4 Qb3
28. Qf2 Qe6 29. Re1 Qb3 30. Qc2 Qb6 31. Qxf5 Rf8 32. Qe6+ Kh8 33. Ng6+ Kh7 34.
Nxf8+ Rxf8 35. Qe7 Qb4 36. Rec1 Rg8 37. c7 Qxa4 38. Qe4+ g6 39. Qe7+ Rg7 40.
Qe4 Qb4 41. d5 Qd2 42. Qd4 Qa2 43. c8=Q Bxc8 44. Rxc8 Qa3 45. R8c3 Qd6 46. Rc6
Qa3 47. Qc5 Qb3 48. d6 Qd3 49. Rc7 h5 50. Rxg7+ Kxg7 51. Qxa7+ Kh6 52. Qd4 Qa3
53. Rd1 h4 54. Qxh4+ Kg7 55. Qd4+ 1-0

[Event "C.to Regionale Lombardia"]
[Site "Solaro ITA"]
[Date "2010.05.30"]
[Round "4"]
[White "Colombo, Luca"]
[Black "Angelini, Marco"]
[Result "0-1"]
[WhiteElo "1911"]
[BlackElo "2062"]
[PlyCount "94"]
[EventDate "2010.05.28"]

1. e4 c5 2. Nc3 d6 3. d3 Nc6 4. g3 g6 5. Bg2 Bg7 6. Be3 Nf6 7. h3 e5 8. Qd2 Nd4
9. Nce2 O-O 10. c3 Nc6 11. f4 Re8 12. Nf3 d5 13. fxe5 dxe4 14. exf6 exf3 15.
Bxf3 Qxf6 16. O-O Qe7 17. Bf4 Bxh3 18. Rfe1 Qd7 19. Kh2 Bf5 20. Rad1 Ne5 21.
Bxe5 Bxe5 22. d4 cxd4 23. Nxd4 Bxd4 24. Qxd4 Qxd4 25. Rxe8+ Rxe8 26. Rxd4 b6
27. g4 Be6 28. b3 Rc8 29. c4 Kg7 30. Kg3 Rc5 31. Kf4 Kf6 32. Rd6 h6 33. Be2 Ke7
34. Rd4 g5+ 35. Ke4 f5+ 36. gxf5 Bxf5+ 37. Kf3 Re5 38. Rd2 h5 39. Kg3 h4+ 40.
Kf2 g4 41. Bf1 Kf6 42. Re2 Rxe2+ 43. Kxe2 Ke5 44. Ke3 Be4 45. Kf2 Kf4 46. b4 h3
47. Kg1 Kg3 0-1

[Event "C.to Regionale Lombardia"]
[Site "Solaro ITA"]
[Date "2010.05.30"]
[Round "4"]
[White "D'Alessio, Angelo"]
[Black "Barolo, Andrea"]
[Result "0-1"]
[WhiteElo "2037"]
[BlackElo "1763"]
[PlyCount "27"]
[EventDate "2010.05.28"]

1. d4 Nf6 2. c4 g6 3. Nc3 d5 4. g3 c6 5. Bg2 Bg7 6. Nf3 dxc4 7. Ne5 Be6 8. O-O
O-O 9. a4 Nbd7 10. f4 a5 11. e4 Qb6 12. Nf3 Rad8 13. Rf2 Nc5 14. Be3 0-1

[Event "C.to Regionale Lombardia"]
[Site "Solaro ITA"]
[Date "2010.05.30"]
[Round "4"]
[White "D'Aulisa, Francesco"]
[Black "Molinelli, Luigi"]
[Result "1-0"]
[WhiteElo "1741"]
[BlackElo "1092"]
[PlyCount "67"]
[EventDate "2010.05.28"]

1. e4 e6 2. d4 d5 3. exd5 exd5 4. Nf3 Bg4 5. Be2 Nf6 6. O-O Bd6 7. Ne5 Bxe2 8.
Qxe2 O-O 9. c4 c5 10. Be3 Nbd7 11. Nxd7 Qxd7 12. dxc5 Bc7 13. Rd1 Rfe8 14. Qf3
Qg4 15. cxd5 Qxf3 16. gxf3 Re5 17. Nc3 Rh5 18. d6 Ba5 19. Ne4 Nd7 20. a3 Bd8
21. b4 Bf6 22. Nxf6+ Nxf6 23. d7 Rd8 24. Rd6 Rf5 25. Kg2 Kf8 26. Rad1 h5 27. h4
Ng8 28. b5 Ne7 29. a4 Ng6 30. Kg3 Ne5 31. f4 Nc4 32. R6d5 g6 33. c6 bxc6 34.
bxc6 1-0

[Event "C.to Regionale Lombardia"]
[Site "Solaro ITA"]
[Date "2010.05.30"]
[Round "4"]
[White "Franceschetti, Nando"]
[Black "Torretta, Gilberto"]
[Result "0-1"]
[WhiteElo "1872"]
[BlackElo "1701"]
[PlyCount "112"]
[EventDate "2010.05.28"]

1. d4 Nf6 2. Nc3 g6 3. e4 d6 4. Be3 Bg7 5. Qd2 Ng4 6. Bf4 e5 7. dxe5 dxe5 8.
Qxd8+ Kxd8 9. O-O-O+ Bd7 10. Bg3 c6 11. Nf3 f6 12. h3 Nh6 13. Nd2 Nf7 14. Bc4
Nd6 15. Bb3 Ke7 16. f4 Na6 17. a3 Nc5 18. Ba2 Rad8 19. fxe5 fxe5 20. Bh4+ Bf6
21. Bxf6+ Kxf6 22. Rhf1+ Ke7 23. Nf3 Be6 24. Nd5+ cxd5 25. exd5 Bd7 26. Nxe5
Rhf8 27. Rfe1 Nce4 28. Nc4 Kf7 29. Ne5+ Kg7 30. Nf3 Rde8 31. Nd4 Nf2 32. Ne6+
Bxe6 33. dxe6 Nxd1 34. Rxd1 Nf5 35. g4 Ne3 36. Rd7+ Kf6 37. Rxb7 g5 38. Rxa7
Re7 39. Ra6 Rd8 40. b4 Rc7 41. Bb3 Ke7 42. Ra5 h6 43. Re5 Rd1+ 44. Kb2 Nc4+ 45.
Bxc4 Rxc4 46. Re2 Rd6 47. Kb3 Rc8 48. Re3 Rxe6 49. Rd3 Rd6 50. Re3+ Kd7 51. Rf3
Kc7 52. a4 Kb7 53. c4 Rcd8 54. Kc3 Rd1 55. c5 Ra1 56. a5 Ra3+ 0-1

[Event "C.to Regionale Lombardia"]
[Site "Solaro ITA"]
[Date "2010.05.30"]
[Round "4"]
[White "Gonella, Daniele"]
[Black "Ottolini, Graziano"]
[Result "1-0"]
[WhiteElo "1937"]
[BlackElo "2076"]
[PlyCount "83"]
[EventDate "2010.05.28"]

1. e4 Nf6 2. Nc3 d5 3. e5 Nfd7 4. f4 e6 5. d4 c5 6. Nf3 Nc6 7. Be3 Qb6 8. Na4
Qa5+ 9. c3 cxd4 10. b4 Qd8 11. Nxd4 Nxd4 12. Bxd4 Be7 13. Bd3 f5 14. O-O O-O
15. Kh1 Nb8 16. g4 Nc6 17. a3 Rb8 18. Nc5 Nxd4 19. cxd4 b6 20. Nb3 Bd7 21. gxf5
exf5 22. Qf3 Be6 23. Rfc1 Qd7 24. b5 Rbc8 25. a4 Rxc1+ 26. Rxc1 Rc8 27. Qe2
Rxc1+ 28. Nxc1 Ba3 29. Qc2 Qe7 30. Bxf5 Bxf5 31. Qxf5 Qh4 32. Nd3 g6 33. Qe6+
Kg7 34. Kg2 Qh5 35. Qf6+ Kh6 36. Nf2 Qe2 37. e6 Bd6 38. h3 Bb4 39. f5 Kh5 40.
fxg6 hxg6 41. h4 Kh6 42. Qh8# 1-0

[Event "C.to Regionale Lombardia"]
[Site "Solaro ITA"]
[Date "2010.05.30"]
[Round "4"]
[White "Greco, Umberto"]
[Black "Dal Lago, Emilio"]
[Result "1-0"]
[WhiteElo "1749"]
[BlackElo "1436"]
[PlyCount "101"]
[EventDate "2010.05.28"]

1. d4 g6 2. Nf3 Bg7 3. Bf4 d6 4. e3 a6 5. Be2 Nd7 6. O-O b6 7. c3 Bb7 8. Nbd2
Ngf6 9. h3 h6 10. Qb3 g5 11. Bh2 c5 12. Rad1 b5 13. a4 c4 14. Bxc4 O-O 15. axb5
Rb8 16. Qc2 axb5 17. Bd3 Qb6 18. Ra1 Rfc8 19. Qd1 Nf8 20. e4 Ng6 21. e5 Nd5 22.
exd6 exd6 23. Bxg6 fxg6 24. Re1 Re8 25. Qc2 Kh7 26. Rxe8 Rxe8 27. Re1 Nf6 28.
Rxe8 Nxe8 29. Qd1 Nf6 30. Qe2 Nd5 31. Qe6 Nf4 32. Bxf4 gxf4 33. Ne4 Qa6 34.
Nf6+ Bxf6 35. Qxf6 d5 36. Qxa6 Bxa6 37. Ne5 Bb7 38. Kf1 Kg7 39. Ke2 g5 40. Kd3
h5 41. Kc2 Bc8 42. Kb3 g4 43. h4 Kf6 44. Kb4 Bf5 45. g3 Bb1 46. Kxb5 Kf5 47.
Kc5 Ba2 48. b4 Ke4 49. b5 fxg3 50. fxg3 Ke3 51. b6 1-0

[Event "C.to Regionale Lombardia"]
[Site "Solaro ITA"]
[Date "2010.05.30"]
[Round "4"]
[White "Guerini, Silvia jr"]
[Black "Pepa, Syrja"]
[Result "1/2-1/2"]
[WhiteElo "1617"]
[BlackElo "1820"]
[PlyCount "44"]
[EventDate "2010.05.28"]

1. e4 e5 2. Nc3 Nf6 3. Bc4 Be7 4. Nf3 d6 5. d3 O-O 6. Be3 c6 7. Bb3 d5 8. Bd2
Bg4 9. h3 Bxf3 10. Qxf3 b5 11. exd5 b4 12. Ne2 cxd5 13. c4 e4 14. Qe3 Na6 15.
cxd5 exd3 16. Qxd3 Nc5 17. Qc4 Nxb3 18. Qxb3 Nxd5 19. Rc1 Qd6 20. O-O Nf6 21.
Rfd1 Qa6 22. Re1 Rfe8 1/2-1/2

[Event "C.to Regionale Lombardia"]
[Site "Solaro ITA"]
[Date "2010.05.30"]
[Round "4"]
[White "Lapiccirella, Daniele"]
[Black "Bellia, Fabrizio"]
[Result "0-1"]
[WhiteElo "2206"]
[BlackElo "2373"]
[PlyCount "90"]
[EventDate "2010.05.28"]

1. d4 Nf6 2. c4 c5 3. dxc5 e6 4. Nc3 Bxc5 5. Nf3 Nc6 6. e3 d5 7. cxd5 exd5 8.
Be2 O-O 9. O-O Be6 10. a3 a5 11. Qa4 Qe7 12. Rd1 Rfd8 13. Bd2 d4 14. exd4 Nxd4
15. Nxd4 Bxd4 16. Be1 Qc5 17. Qb5 b6 18. b4 Qxb5 19. Bxb5 axb4 20. axb4 Rxa1
21. Rxa1 Nd5 22. Rc1 Nxb4 23. Na4 Na2 24. Rc6 Bd5 25. Rc2 h6 26. Rd2 Be6 27.
Rc2 Kf8 28. h3 Bb3 29. Rc6 Bd5 30. Rc2 Ke7 31. Re2+ Kf8 32. Rc2 h5 33. Rc7 g6
34. Bd2 Be6 35. Bg5 Rd5 36. Bh6+ Kg8 37. Bc6 Re5 38. Rb7 Re1+ 39. Kh2 Bxf2 40.
h4 Rb1 41. Bg5 Rb3 42. Bf6 Bd4 43. Bd8 Be5+ 44. Kg1 Bg3 45. Kf1 Nc3 0-1